30 Most Famous Cities in New Zealand (incl. Cook and Niue) on a Map - Statistics

General Stats
  • This quiz has been taken 74 times
  • The average score is 13 of 33
Answers on the Map
Answers color-coded by a green-red scale on the quiz's map according to % correct below.
 
Answer Stats
Wiki Monthly Views Cityquiz Mention Rate Population Answers % Correct
141.15K 45.69% 1440.30K Auckland
98%
104.06K 49.26% 212.00K Wellington
98%
65.59K 29.34% 377.90K Christchurch
96%
32.39K 6.85% 102.40K Dunedin
76%
18.67K 8.68% 179.90K Hamilton
71%
12.86K 4.03% 50.80K Nelson
56%
25.39K 4.68% 15.80K Queenstown
53%
14.17K 2.64% 158.30K Tauranga
53%
14.60K 2.92% 49.80K Invercargill
47%
15.68K 2.18% 57.90K Rotorua
47%
11.26K 2.08% 66.80K Napier
45%
4.12K 1.11% 111.50K Lower Hutt
44%
9.73K 1.53% 81.20K Palmerston North
44%
8.49K 1.84% 58.50K New Plymouth
40%
6.63K 3.13% 0.61K Alofi
38%
7.31K 1.25% 37.70K Gisborne
36%
9.74K 1.55% 54.90K Whangārei
36%
5.31K 1.13% 26.10K Taupō
35%
5.27K 1.04% 29.00K Blenheim
33%
3.69K 0.75% 8.32K Greymouth
31%
6.52K 0.66% 42.60K Whanganui
31%
4.47K 2.09% 50.40K Hastings
29%
6.22K 2.50% 5.11K Avarua
27%
3.99K - 2.33K Kaikōura
24%
4.88K 0.72% 28.60K Timaru
22%
4.82K 0.48% 13.90K Oamaru
20%
5.90K 0.63% 12.15K Wānaka
20%
3.79K 0.41% 16.70K Whakatāne
18%
3.54K 0.59% 0.54K Atafu
13%
4.73K 0.22% 8.70K Matamata
11%
8.27K 0.01% 8.25K Waiheke/Oneroa
9%
2.00K 0.21% 0.48K Fakaofo/Fale
5%
1.81K 0.66% 0.43K Nukunonu
5%
No matching quizzes found
Score Distribution
Percent of People with Each Score
Percentile by Number Answered
Your Score History
You have not taken this quiz